Statystyki dla 15 najbardziej dotkniętych krajów Covid-19 - 27 kwietnia 2022

Kliknij tutaj aby rozwiązać quiz!

Ogólne statystyki

  • Ten quiz został rozwiązany 26 razy
  • Średni wynik to 16 z 29

Statystyki odpowiedzi

kraj% Poprawnych
Niemcy
96%
Rosja
96%
Stany Zjednoczone
91%
Francja
87%
Hiszpania
87%
Japonia
87%
Brazylia
83%
Włochy
83%
Indie
78%
Portugalia
78%
Korea Południowa
74%
Wielka Brytania
65%
Argentyna
57%
Holandia
57%
Holandia
57%
Turcja
57%
Belgia
52%
Austria
39%
Czechy
35%
Szwajcaria
35%
Wietnam
30%
Litwa
26%
Dania
22%
Łotwa
22%
Słowenia
22%
Estonia
17%
Cypr
13%
Izrael
13%
Gruzja
4%

Rozkład punktacji

Percentyl według liczby udzielonych odpowiedzi

Procent ludzi z każdym wynikiem

Twoja historia wyników

Nie rozwiązałeś tego quizu